Secondary sexual trait size reveals competitive fertilization success in Drosophila bipectinata Duda /

Đã lưu trong:
書目詳細資料
主要作者: Polak, Michal.
其他作者: Simmons, Leigh W.
格式: Bài viết
語言:English
主題:
標簽: 添加標簽
沒有標簽, 成為第一個標記此記錄!
Thư viện lưu trữ: Thư viện Trường Đại học Đà Lạt
LEADER 00960nam a2200301 4500
001 DLU090097946
005 ##20091201
040 # # |a DLU  |b eng 
041 # # |a eng 
044 # # |a uk 
100 # # |a Polak, Michal.  
245 # # |a Secondary sexual trait size reveals competitive fertilization success in Drosophila bipectinata Duda /  |c Michal Polak, Leigh W. Simmons. 
653 # # |a Competitive fertilization success 
653 # # |a Drosophila bipectinata 
653 # # |a Ejaculate quality 
653 # # |a Postcopulatory sexual selection 
653 # # |a Sex comb size 
700 # # |a Simmons, Leigh W. 
773 # # |t Behavioral ecology  |g Vol. 20, no. 4 (July-August 2009), p. 753-760 
920 # # |a Phòng Tạp chí -- Trung tâm Thông tin - Thư viện Trường Đại học Đà Lạt 
994 # # |a DLU 
900 # # |a True 
911 # # |a Trương Bảo Trâm Anh 
925 # # |a G 
926 # # |a A 
927 # # |a BB 
980 # # |a Thư viện Trường Đại học Đà Lạt